<?xml version="1.0" encoding="UTF-8"?>
<record
    xmlns:xsi="http://www.w3.org/2001/XMLSchema-instance"
    xsi:schemaLocation="http://www.loc.gov/MARC21/slim http://www.loc.gov/standards/marcxml/schema/MARC21slim.xsd"
    xmlns="http://www.loc.gov/MARC21/slim">

  <leader>02499nam a22002417a 4500</leader>
  <controlfield tag="005">20220316163528.0</controlfield>
  <controlfield tag="008">220316b           ||||| |||| 00| 0 eng d</controlfield>
  <datafield tag="020" ind1=" " ind2=" ">
    <subfield code="a">9780367201210</subfield>
  </datafield>
  <datafield tag="040" ind1=" " ind2=" ">
    <subfield code="c">AL</subfield>
  </datafield>
  <datafield tag="041" ind1=" " ind2=" ">
    <subfield code="a">English</subfield>
  </datafield>
  <datafield tag="082" ind1=" " ind2=" ">
    <subfield code="2">23</subfield>
    <subfield code="a">658.406</subfield>
    <subfield code="b">DRUM</subfield>
  </datafield>
  <datafield tag="100" ind1=" " ind2=" ">
    <subfield code="a">Peter F Drucker</subfield>
    <subfield code="9">23942</subfield>
  </datafield>
  <datafield tag="245" ind1=" " ind2=" ">
    <subfield code="a">Managing in a Time of Great Change</subfield>
  </datafield>
  <datafield tag="260" ind1=" " ind2=" ">
    <subfield code="a">New York</subfield>
    <subfield code="b">Routledge</subfield>
    <subfield code="c">2019</subfield>
  </datafield>
  <datafield tag="300" ind1=" " ind2=" ">
    <subfield code="a">xii,317 p.</subfield>
    <subfield code="b">PB</subfield>
    <subfield code="c">23x15 cm.</subfield>
  </datafield>
  <datafield tag="365" ind1=" " ind2=" ">
    <subfield code="a">6321</subfield>
    <subfield code="b">&#x20B9;716.00</subfield>
    <subfield code="c">&#x20B9;</subfield>
    <subfield code="d">&#x20B9;895.00</subfield>
    <subfield code="e">20%</subfield>
    <subfield code="f">08-03-2022</subfield>
  </datafield>
  <datafield tag="520" ind1=" " ind2=" ">
    <subfield code="a">'It is not so very difficult to predict the future. It is only pointless...what is always far more important are fundamental changes that happened though no one predicted them or could possible have predicted them.' (quote taken from this book)
It is these unpredictable and irreversible changes from the past, and their effect on the role of the executive which Peter Drucker examines in his latest book.
The management of change is a subject which has been, undoubtedly, the principal preoccupation of management thinkers in the 1990s. Peter Drucker, the guru's guru, brings together a group of his own original essays and interviews on this vitally important topic. As ever, he provides invaluable food for thought for all executives and students of business and management.
Table of Contents
Preface; Acknowledgements; Interview: The post-capitalist executive; Management - The theory of the business; Planning for uncertainty; The five deadly business sins; Managing the family business; Six rules for presidents; Managing in the network society; The information-based organization - The new society of organizations; There's three kinds of teams; The information revolution in retail; Be data literate: know what to know; We need to measure, not count; The information executives need today; The economy - Trade lessons from the world economy; The US economy's power shift; Where the new markets are; The Pacific Rim and the world economy; China's growth markets; The end of Japan, Inc?; A weak dollar strengthens Japan; The new superpower: the overseas Chinese; The society - A century of social transformations; It profits us to strengthen non-profits; Knowledge work and gender roles; Reinventing government; Can the democracies win the peace?; Conclusion; Interview: Managing in a post-capitalist society; Index.
</subfield>
  </datafield>
  <datafield tag="650" ind1=" " ind2=" ">
    <subfield code="a">Management</subfield>
    <subfield code="9">23943</subfield>
  </datafield>
  <datafield tag="650" ind1=" " ind2=" ">
    <subfield code="a">The Economy</subfield>
    <subfield code="9">23944</subfield>
  </datafield>
  <datafield tag="650" ind1=" " ind2=" ">
    <subfield code="a">The Society</subfield>
    <subfield code="9">23945</subfield>
  </datafield>
  <datafield tag="700" ind1=" " ind2=" ">
    <subfield code="a">DRUCKER (Peter F)</subfield>
    <subfield code="9">23946</subfield>
  </datafield>
  <datafield tag="942" ind1=" " ind2=" ">
    <subfield code="2">ddc</subfield>
    <subfield code="c">BK</subfield>
  </datafield>
  <datafield tag="999" ind1=" " ind2=" ">
    <subfield code="c">221918</subfield>
    <subfield code="d">221918</subfield>
  </datafield>
  <datafield tag="952" ind1=" " ind2=" ">
    <subfield code="0">0</subfield>
    <subfield code="1">0</subfield>
    <subfield code="2">ddc</subfield>
    <subfield code="4">0</subfield>
    <subfield code="7">0</subfield>
    <subfield code="8">MAN</subfield>
    <subfield code="a">AL</subfield>
    <subfield code="b">AL</subfield>
    <subfield code="d">2022-03-10</subfield>
    <subfield code="e">Biblios Book Point</subfield>
    <subfield code="g">716.00</subfield>
    <subfield code="l">0</subfield>
    <subfield code="o">658.406 DRUM</subfield>
    <subfield code="p">075619</subfield>
    <subfield code="r">2022-03-16 00:00:00</subfield>
    <subfield code="v">895.00</subfield>
    <subfield code="w">2022-03-16</subfield>
    <subfield code="y">BK</subfield>
  </datafield>
</record>
